FORMATION AND EFFECTS OF CONTRACTS IN ETHIOPIAN LAW (Record no. 26113)

MARC details
000 -LEADER
fixed length control field 00395nam a22001457a 4500
003 - CONTROL NUMBER IDENTIFIER
control field OSt
005 - DATE AND TIME OF LATEST TRANSACTION
control field 20220105103459.0
008 - FIXED-LENGTH DATA ELEMENTS--GENERAL INFORMATION
fixed length control field 220105b |||||||| |||| 00| 0 eng d
040 ## - CATALOGING SOURCE
Original cataloging agency HU
Transcribing agency DDC
082 ## - DEWEY DECIMAL CLASSIFICATION NUMBER
Classification number 346.02263/KRL
245 ## - TITLE STATEMENT
Title FORMATION AND EFFECTS OF CONTRACTS IN ETHIOPIAN LAW
260 ## - PUBLICATION, DISTRIBUTION, ETC.
Place of publication, distribution, etc. ADDIS ABABA
Name of publisher, distributor, etc. ADDIS ABABA UNIVERALTY
Date of publication, distribution, etc. 1993
300 ## - PHYSICAL DESCRIPTION
Extent VIII,169P,18CM
942 ## - ADDED ENTRY ELEMENTS (KOHA)
Source of classification or shelving scheme Dewey Decimal Classification
Koha item type Books like text book referance book
Suppress in OPAC No
Holdings
Withdrawn status Lost status Source of classification or shelving scheme Damaged status Not for loan Home library Current library Shelving location Date acquired Total Checkouts Full call number Barcode Date last seen Copy number Price effective from Koha item type
    Dewey Decimal Classification     Law & Governance lLbrary Law & Governance lLbrary General Stacks 01/05/2022   346.02263/KRL LGCLIB0002321 01/05/2022 C3 01/05/2022 Books like text book referance book